| 000 | 00944nam a2200265 i 4500 | ||
|---|---|---|---|
| 001 | bg | ||
| 245 | 0 | 0 |
_aKonwencja wiedeńska o umowach międzynarodowej sprzedaży towarów : _bkomentarz / _cJacek Górecki [et al.] ; pod red. Maksymiliana Pazdana. |
| 250 | _aStan prawny na 1 lutego 2001. | ||
| 260 |
_aKraków : _b"Zakamycze", _c2001. |
||
| 300 |
_a892, [1] s. ; _c24 cm. |
||
| 500 | _aTekst częśc. równol. pol., ang., fr., wł. | ||
| 504 | _aBibliogr. - Indeks. | ||
| 650 | 9 |
_aHandel międzynarodowy _xprawo _ystan na 2001 r. |
|
| 650 | 9 |
_aUmowy międzynarodowe gospodarcze _yod 1945 r. |
|
| 700 | 1 | _aGÓRECKI, Jacek | |
| 700 | 1 |
_aPAZDAN, Maksymilian. _eRed. |
|
| 020 | _a8388551248 | ||
| 040 | _cBPK | ||
| 041 | 0 | _aenfrplru | |
| 080 | _a341.24:347.74 | ||
| 920 | _a83-88551-24-8 | ||
| 942 | _cKS | ||
| 008 | s pl f |000 0 pol | ||
| 999 |
_c39956 _d39956 |
||
| 856 |
_uhttp://koha.tu.koszalin.pl/cgi-bin/koha/opac-detail.pl?biblionumber=39956 _yKatalog online BPK |
||